| 000 | 00475nam a2200181Ia 4500 | ||
|---|---|---|---|
| 001 | 8818 | ||
| 005 | 20260306160638.0 | ||
| 008 | 260306t1996||||xx |||||||||||||| ||spa|| | ||
| 041 | _aESP | ||
| 082 |
_a371.394 _bP45 |
||
| 100 |
_aPereira de Gómez, María Nieves _eAUT |
||
| 245 | 0 |
_aEducación personalizada: _bun proyecto pedagógico en Pierre Faure |
|
| 260 | _c1996 | ||
| 300 |
_a311 páginas : _c23 cm. |
||
| 650 | _aGEN | ||
| 654 | _aCED | ||
| 942 |
_cLIB _dJUS _fJUS _2ddc _n |
||
| 999 |
_c8818 _d8818 |
||